ბათუმის შოთა რუსთაველის სახელმწიფო უნივერსიტეტის ბიბლიოთეკა

Real Anatomy - DVD / (ბიბ.ჩანაწერი № 53636)

000 -LEADER
fixed length control field 00675nam a2200265Ia 4500
001 - CONTROL NUMBER
control field 20683
003 - CONTROL NUMBER IDENTIFIER
control field GE_BSU
005 - DATE AND TIME OF LATEST TRANSACTION
control field 20210303232753.0
008 - FIXED-LENGTH DATA ELEMENTS--GENERAL INFORMATION
fixed length control field 181216s2008||||xx |||||||||||||| ||eng||
020 ## - INTERNATIONAL STANDARD BOOK NUMBER
International Standard Book Number 9780470114834
040 ## - CATALOGING SOURCE
Transcribing agency GE_BSU
041 ## - LANGUAGE CODE
Language code of text/sound track or separate title eng
080 ## - UNIVERSAL DECIMAL CLASSIFICATION NUMBER
Universal Decimal Classification number 611 N-65
100 ## - MAIN ENTRY--PERSONAL NAME
Personal name Nielsen, Mark
9 (RLIN) 10321
245 ## - TITLE STATEMENT
Title Real Anatomy - DVD /
Statement of responsibility, etc. Mark Nielsen, Shawn Miller.
264 ## - PRODUCTION, PUBLICATION, DISTRIBUTION, MANUFACTURE, AND COPYRIGHT NOTICE
Place of production, publication, distribution, manufacture U.S.A :
Name of producer, publisher, distributor, manufacturer Wiley,
Date of production, publication, distribution, manufacture, or copyright notice 2008.
300 ## - PHYSICAL DESCRIPTION
Extent DVD
653 ## - INDEX TERM--UNCONTROLLED
keyword Real Anatomy - DVD
653 ## - INDEX TERM--UNCONTROLLED
keyword Анатомия
653 ## - INDEX TERM--UNCONTROLLED
keyword ანატომია
653 ## - INDEX TERM--UNCONTROLLED
keyword მედიცინა
700 ## - ADDED ENTRY--PERSONAL NAME
Personal name Miller, Shawn
Relator term By
9 (RLIN) 10322
942 ## - ADDED ENTRY ELEMENTS (KOHA)
Koha item type წიგნი
Source of classification or shelving scheme
ეგზემპლარები
Withdrawn status Lost status Source of classification or shelving scheme Damaged status Not for loan Permanent Location Current Location Shelving location Date acquired Cost, normal purchase price Full call number Barcode Date last seen Copy number Price effective from Koha item type Public note
          ბათუმის შოთა რუსთაველის სახელმწიფო უნივერსიტეტის მთავარი ბიბლიოთეკა ბათუმის შოთა რუსთაველის სახელმწიფო უნივერსიტეტის მთავარი ბიბლიოთეკა წიგნსაცავი 2018-12-17 36.00 611 N-65 53951 2018-12-17 53951 2018-12-17 აუდიომასალები 36.00 GEL.
          ბათუმის შოთა რუსთაველის სახელმწიფო უნივერსიტეტის მთავარი ბიბლიოთეკა ბათუმის შოთა რუსთაველის სახელმწიფო უნივერსიტეტის მთავარი ბიბლიოთეკა წიგნსაცავი 2018-12-17 36.00 611 N-65 53950 2018-12-17 53950 2018-12-17 აუდიომასალები 36.00 GEL.